[Event "7th Sharjah Masters 2024"]
[Site "Sharjah UAE"]
[Date "2024.05.17"]
[Round "4.30"]
[White "Bharath, Subramaniyam H"]
[Black "Narayanan, S.L."]
[Result "1-0"]
[WhiteTitle "GM"]
[BlackTitle "GM"]
[WhiteElo "2545"]
[BlackElo "2695"]
[WhiteFideId "46634827"]
[BlackFideId "5058422"]
[EventDate "2024.05.14"]

1. e4 c5 2. Nf3 Nc6 3. Nc3 g6 4. Bb5 Bg7 5. O-O d6 6. e5 dxe5 7. Bxc6+ bxc6 8.
d3 c4 9. Re1 Qc7 10. dxc4 f5 11. Be3 Nf6 12. Bc5 e4 13. Nd2 O-O 14. f3 Rb8 15.
Rb1 Be6 16. Qe2 Kh8 17. Kh1 Rbd8 18. Bg1 Nh5 19. fxe4 Nf4 20. Qe3 c5 21. Nd5
Bxd5 22. exd5 e5 23. Qxc5 Qf7 24. Qxa7 Rd7 25. Qe3 g5 26. Nf3 Qh5 27. Nxe5 Re7
28. Qa3 Rfe8 29. Nd3 Ne2 30. Bf2 f4 31. d6 Rf7 32. Rxe2 Rxe2 33. Qa8+ Rf8 34.
Qf3 Qxf3 35. gxf3 Rxc2 36. Rd1 Bxb2 37. Nxb2 Rxf2 38. Nd3 Rxa2 39. d7 Ra5 40.
Nb4 1-0

[Event "7th Sharjah Masters 2024"]
[Site "Sharjah UAE"]
[Date "2024.05.17"]
[Round "4.31"]
[White "Gavrilescu, David"]
[Black "Sjugirov, Sanan"]
[Result "1/2-1/2"]
[WhiteTitle "GM"]
[BlackTitle "GM"]
[WhiteElo "2540"]
[BlackElo "2692"]
[WhiteFideId "1227190"]
[BlackFideId "4189302"]
[EventDate "2024.05.14"]

1. e4 c5 2. Nf3 d6 3. d4 cxd4 4. Nxd4 Nf6 5. Nc3 Nc6 6. f3 e5 7. Nb3 Be6 8. Be3
Be7 9. Qd2 O-O 10. Nd5 Bxd5 11. exd5 Nb8 12. c4 a5 13. Bd3 Nbd7 14. O-O g6 15.
Nc1 Nc5 16. Bc2 Rb8 17. a3 Qc7 18. Nb3 Nxb3 19. Bxb3 a4 20. Ba2 Nd7 21. Qb4 Ra8
22. b3 Nc5 23. Bxc5 dxc5 24. Qd2 axb3 25. Bxb3 Bd6 26. g3 h5 27. Bc2 Kg7 28. Qc3
f6 29. Rae1 Rf7 30. Re2 Rh8 31. Rg2 Rh6 32. Bd3 Kg8 33. Qd2 Kg7 34. Qc3 Re7 35.
Rb1 Rh8 36. Re1 Kf7 37. Bb1 Rh7 38. Rf1 Kg7 39. Bc2 Rf7 40. Bd3 Rh6 41. Bc2 Rh8
42. Bb1 Qe7 43. Re1 Qd8 44. Rf1 Qc7 45. Bc2 Re8 46. Ba4 Ree7 47. Bc2 Qd7 48. Re1
Qe8 49. Rge2 Qh8 50. f4 h4 51. Qd3 Qh6 52. f5 g5 53. g4 Qh8 54. Ba4 Qa8 55. Bb5
b6 56. Re4 Ra7 57. Ra1 Ra5 58. a4 Rfa7 1/2-1/2

[Event "7th Sharjah Masters 2024"]
[Site "Sharjah UAE"]
[Date "2024.05.17"]
[Round "4.32"]
[White "Sargsyan, Shant"]
[Black "Erdogmus, Yagiz Kaan"]
[Result "1-0"]
[WhiteTitle "GM"]
[BlackTitle "IM"]
[WhiteElo "2637"]
[BlackElo "2554"]
[WhiteFideId "13306766"]
[BlackFideId "44599790"]
[EventDate "2024.05.14"]

1. e4 e5 2. Nf3 Nc6 3. Bc4 Nf6 4. d3 d5 5. exd5 Nxd5 6. O-O Be7 7. Re1 f6 8. d4
Bg4 9. c3 exd4 10. cxd4 Nb6 11. Bb3 Qd7 12. h3 Bxf3 13. Qxf3 Nxd4 14. Qxb7 Nxb3
15. axb3 O-O 16. Nc3 Bb4 17. Rxa7 Rxa7 18. Qxa7 Qc6 19. Bf4 Bxc3 20. bxc3 Nd5
21. Bd2 Nxc3 22. Qd4 Nd5 23. h4 Qd7 24. b4 Nb6 25. Qxd7 Nxd7 26. Rc1 Rc8 27. b5
Kf8 28. Bb4+ Kf7 29. Ba5 Rb8 30. Rxc7 Ke6 31. Rc6+ Kf5 32. b6 h5 33. Kh2 Ke5 34.
Rc3 Kf5 35. Rb3 Rb7 36. Rb5+ Ke6 37. Kg3 g6 38. Kf4 Kd6 39. Rb1 Ke6 40. f3 Kd6
41. Rd1+ Ke6 42. Rc1 Rb8 43. Rc7 Ra8 44. b7 g5+ 45. hxg5 fxg5+ 46. Ke4 Rxa5 47.
Rxd7 Rb5 48. Rh7 Rb4+ 49. Kd3 h4 50. Kc3 Rb1 51. Kd4 Kf5 52. Rf7+ Ke6 53. Rh7
Kf5 54. Kc5 Kf4 55. Rg7 Rb2 56. Kc6 Rc2+ 57. Kd7 Rb2 58. Kc8 Rc2+ 59. Rc7 1-0

[Event "7th Sharjah Masters 2024"]
[Site "Sharjah UAE"]
[Date "2024.05.17"]
[Round "4.33"]
[White "Pranav, Anand"]
[Black "Banusz, Tamas"]
[Result "1-0"]
[WhiteTitle "GM"]
[BlackTitle "GM"]
[WhiteElo "2532"]
[BlackElo "2623"]
[WhiteFideId "46626786"]
[BlackFideId "722413"]
[EventDate "2024.05.14"]

1. e4 e5 2. Nf3 Nc6 3. Bb5 a6 4. Ba4 d6 5. O-O Bd7 6. c3 g6 7. d4 Bg7 8. h3 Nge7
9. Re1 O-O 10. Be3 Qe8 11. Bc2 a5 12. Na3 Nd8 13. Qd2 a4 14. Rad1 Bc6 15. Bh6 f6
16. Bxg7 Kxg7 17. c4 b6 18. Qc3 Nf7 19. Bd3 Bd7 20. Nb5 Qb8 21. Bf1 Rd8 22. Rd2
c5 23. dxe5 dxe5 24. Red1 Bc6 25. Qc2 Rxd2 26. Rxd2 Nd8 27. Qd1 Ne6 28. Rd6 Qc8
29. Nc3 Nf8 30. Nh2 h5 31. g3 1-0

[Event "7th Sharjah Masters 2024"]
[Site "Sharjah UAE"]
[Date "2024.05.17"]
[Round "4.35"]
[White "Raja, Rithvik R"]
[Black "Gupta, Abhijeet"]
[Result "0-1"]
[WhiteTitle "GM"]
[BlackTitle "GM"]
[WhiteElo "2524"]
[BlackElo "2604"]
[WhiteFideId "35007394"]
[BlackFideId "5010608"]
[EventDate "2024.05.14"]

1. d4 Nf6 2. c4 g6 3. Nc3 Bg7 4. e4 d6 5. Nge2 O-O 6. Ng3 h5 7. Be2 a5 8. Be3 a4
9. a3 e5 10. d5 Nbd7 11. Bg5 Nc5 12. Bxh5 Qe8 13. Be2 Nh7 14. Be3 Nb3 15. Rb1 f5
16. exf5 gxf5 17. f4 exf4 18. Bxf4 Bd4 19. Qd3 Bd7 20. Kd1 Be5 21. Rf1 Kh8 22.
Kc2 Nd4+ 23. Kd2 b5 24. Bh5 Qd8 25. Rbe1 Bg7 26. Bd1 bxc4 27. Qxc4 Rb8 28. Kc1
Bb5 29. Nxb5 Rxb5 30. Qxa4 Qb8 31. Rf2 Rc5+ 32. Kb1 Nb5 33. Ka2 Qb7 34. Rfe2 Nf6
35. Bb3 Ra8 36. Qb4 Nxd5 37. Re8+ Kh7 38. Qd2 Nxa3 39. bxa3 Nc3+ 40. Qxc3 Rxa3+
41. Kxa3 Rxc3 0-1

[Event "7th Sharjah Masters 2024"]
[Site "Sharjah UAE"]
[Date "2024.05.17"]
[Round "4.37"]
[White "Jumabayev, Rinat"]
[Black "Madaminov, Mukhiddin"]
[Result "1/2-1/2"]
[WhiteTitle "GM"]
[BlackTitle "IM"]
[WhiteElo "2597"]
[BlackElo "2506"]
[WhiteFideId "13702661"]
[BlackFideId "14210703"]
[EventDate "2024.05.14"]

1. Nf3 Nf6 2. g3 d5 3. Bg2 e6 4. O-O Be7 5. c4 O-O 6. d4 dxc4 7. Qc2 a6 8. a4
Bd7 9. Qxc4 Bc6 10. Bg5 Nbd7 11. Rc1 h6 12. Bxf6 Nxf6 13. Nc3 Bd6 14. b4 Bd5 15.
Nxd5 exd5 16. Qb3 c6 17. e3 g6 18. b5 axb5 19. axb5 Rxa1 20. Rxa1 Qb6 21. Bf1
Kg7 22. Qa4 c5 23. dxc5 Bxc5 24. Rd1 Re8 25. Kg2 Qd6 26. Be2 Bb6 27. Qa2 Rc8 28.
Qb2 Qc5 29. Qe5 1/2-1/2

[Event "7th Sharjah Masters 2024"]
[Site "Sharjah UAE"]
[Date "2024.05.17"]
[Round "4.38"]
[White "Gholami Orimi, Mahdi"]
[Black "Sethuraman, S.P."]
[Result "1-0"]
[WhiteTitle "IM"]
[BlackTitle "GM"]
[WhiteElo "2470"]
[BlackElo "2593"]
[WhiteFideId "12558486"]
[BlackFideId "5021596"]
[EventDate "2024.05.14"]

1. d4 Nf6 2. c4 e6 3. Nc3 Bb4 4. e3 O-O 5. Bd3 Re8 6. Ne2 d5 7. a3 Bf8 8. O-O b6
9. e4 dxe4 10. Nxe4 Bb7 11. Nxf6+ Qxf6 12. Qc2 Qh4 13. Bf4 Bd6 14. Bg3 Bxg3 15.
fxg3 Qh6 16. Rf4 Nd7 17. Kh1 f5 18. d5 Ne5 19. Nd4 g5 20. Rff1 Ng4 21. h3 Ne3
22. Qd2 Nxf1 23. Rxf1 Rad8 24. Kh2 Qg7 25. Nxe6 Rxe6 26. dxe6 Be4 27. Re1 Rd6
28. Re3 Qe5 29. c5 bxc5 30. Qe2 Kh8 31. Qf1 Kg7 32. Rxe4 fxe4 33. Qf7+ Kh6 34.
Bc4 Rd8 35. e7 Rh8 36. Bb5 e3 37. Kg1 c6 38. Be2 g4 39. Bxg4 Rb8 40. Be2 Qxg3
41. Qf6+ Qg6 42. Qf4+ 1-0

[Event "7th Sharjah Masters 2024"]
[Site "Sharjah UAE"]
[Date "2024.05.17"]
[Round "4.41"]
[White "Assaubayeva, Bibisara"]
[Black "Yilmaz, Mustafa"]
[Result "1/2-1/2"]
[WhiteTitle "IM"]
[BlackTitle "GM"]
[WhiteElo "2481"]
[BlackElo "2641"]
[WhiteFideId "13708694"]
[BlackFideId "6302718"]
[EventDate "2024.05.14"]

1. Nf3 d5 2. e3 Nf6 3. c4 e6 4. b3 Bd6 5. Bb2 O-O 6. Nc3 Re8 7. Be2 Nbd7 8. Qc2
a6 9. Rg1 b6 10. g4 Bb7 11. d3 Ne5 12. Nxe5 Bxe5 13. g5 Nd7 14. d4 Bxh2 15. Rg4
Bd6 16. O-O-O Nf8 17. f4 c5 18. dxc5 Bxc5 19. Kb1 Rc8 20. Bd3 Rc7 21. Qh2 Rd7
22. Rh1 g6 23. Rh4 f5 24. gxf6 dxc4 25. Bc2 Bxe3 26. Rd1 Qc7 27. Rxd7 Qxd7 28.
bxc4 Bd4 29. f5 exf5 30. f7+ Kxf7 31. Rxh7+ Nxh7 32. Qxh7+ Bg7 33. Ne4 Kf8 34.
Ba3+ Re7 35. Ng5 Be4 36. Nxe4 Qd4 37. Bxe7+ Kxe7 38. Kc1 fxe4 39. Qh4+ Kf8 40.
Qxe4 Qg1+ 41. Kd2 Qf2+ 42. Kd3 Qf1+ 43. Kd2 Qf2+ 44. Kd3 a5 45. Qa8+ Ke7 46.
Qe4+ Kf6 47. Qd4+ Qxd4+ 48. Kxd4 g5 49. Ke4 Ke6 50. Ba4 Be5 51. Kf3 Kd6 52. Bb5
Kc5 53. a4 Bf4 54. Kg4 Bd2 55. Kf3 1/2-1/2

[Event "7th Sharjah Masters 2024"]
[Site "Sharjah UAE"]
[Date "2024.05.17"]
[Round "4.42"]
[White "Can, Emre"]
[Black "Avila Pavas, Santiago"]
[Result "1-0"]
[WhiteTitle "GM"]
[BlackTitle "GM"]
[WhiteElo "2549"]
[BlackElo "2516"]
[WhiteFideId "6302181"]
[BlackFideId "4437128"]
[EventDate "2024.05.14"]

1. e4 c6 2. d4 d5 3. e5 Bf5 4. h4 h5 5. Bd3 Bxd3 6. Qxd3 Qa5+ 7. Nd2 e6 8. Nf3
Qa6 9. c4 Bb4 10. b3 Nd7 11. O-O Ne7 12. Rd1 Nf5 13. a4 Rd8 14. Nf1 Be7 15. Bg5
Bxg5 16. hxg5 dxc4 17. bxc4 Nf8 18. Rab1 Ng6 19. Qb3 O-O 20. Ne3 Nxe3 21. fxe3
b6 22. Kf2 c5 23. Qb5 Qc8 24. a5 Rd7 25. dxc5 Rxd1 26. Rxd1 bxc5 27. Rd7 a6 28.
Qb7 Qe8 29. Rd2 Qb8 30. Rb2 Qd8 31. Qxa6 Qd3 32. Qd6 Qa3 33. Qd2 Qa4 34. Qc3 Ra8
35. Rb5 Qa2+ 36. Kg3 h4+ 37. Kh2 Rd8 38. Qb2 Qxc4 39. Rb8 Rxb8 40. Qxb8+ Kh7 41.
Qb7 Qg4 42. a6 Qg3+ 43. Kh1 h3 44. Ng1 Nxe5 45. Qe4+ g6 46. gxh3 c4 47. Qf4 Qxf4
48. exf4 Nc6 49. Ne2 Kg7 50. Kg2 Kf8 51. Kf3 Ke7 52. Ke3 Kd6 53. Nd4 Na7 54. Nf3
Kc5 55. Ne5 Kb4 56. Nxf7 c3 57. Ne5 Kb3 58. Nd3 Kc2 59. h4 Kb1 60. h5 c2 61.
hxg6 Nc6 62. g7 1-0

[Event "7th Sharjah Masters 2024"]
[Site "Sharjah UAE"]
[Date "2024.05.18"]
[Round "5.1"]
[White "Aravindh, Chithambaram VR."]
[Black "Salem, A.R. Saleh"]
[Result "1-0"]
[WhiteTitle "GM"]
[BlackTitle "GM"]
[WhiteElo "2671"]
[BlackElo "2629"]
[WhiteFideId "5072786"]
[BlackFideId "9301348"]
[EventDate "2024.05.14"]

1. d4 Nf6 2. Nf3 g6 3. g3 Bg7 4. Bg2 O-O 5. O-O d6 6. c4 Nc6 7. Nc3 e5 8. d5 Nb8
9. c5 Na6 10. cxd6 cxd6 11. Nd2 Ne8 12. Nc4 f5 13. a4 g5 14. Be3 Nac7 15. Qb3
Rf7 16. Nb5 b6 17. Bxg5 Qxg5 18. Nbxd6 Nxd6 19. Nxd6 Qf6 20. Nxf7 Qxf7 21. a5
Rb8 22. Rfc1 e4 23. axb6 axb6 24. Qc2 Be5 25. Ra7 Bb7 26. e3 Nb5 27. Ra4 Bxd5
28. Bf1 Nd6 29. Qd2 Kh8 30. Rd4 Bxd4 31. Qxd4+ Kg8 32. Rd1 Rd8 33. Qxd5 Qxd5 34.
Rxd5 Kf7 35. Bc4 Ke7 36. Bb3 b5 37. Kg2 Rb8 38. Re5+ Kf8 39. Rd5 Rb6 40. Re5 Rb8
41. h3 Rc8 42. Re6 Rd8 43. g4 fxg4 44. hxg4 Rd7 45. Bd5 b4 46. Bc6 Rd8 47. Bxe4
b3 48. Bd5 1-0

[Event "7th Sharjah Masters 2024"]
[Site "Sharjah UAE"]
[Date "2024.05.18"]
[Round "5.2"]
[White "Niemann, Hans Moke"]
[Black "Sarana, Alexey"]
[Result "1/2-1/2"]
[WhiteTitle "GM"]
[BlackTitle "GM"]
[WhiteElo "2689"]
[BlackElo "2706"]
[WhiteFideId "2093596"]
[BlackFideId "24133795"]
[EventDate "2024.05.14"]

1. d4 Nf6 2. c4 e6 3. Nf3 d5 4. g3 Bb4+ 5. Bd2 Be7 6. Bg2 O-O 7. O-O Nbd7 8. Qc2
c6 9. a4 a5 10. Rc1 h6 11. Bc3 b6 12. Ne5 Bb7 13. Nxd7 Qxd7 14. Nd2 b5 15. axb5
cxb5 16. cxb5 Qxb5 1/2-1/2

[Event "7th Sharjah Masters 2024"]
[Site "Sharjah UAE"]
[Date "2024.05.18"]
[Round "5.3"]
[White "Erigaisi, Arjun"]
[Black "Murzin, Volodar"]
[Result "1/2-1/2"]
[WhiteTitle "GM"]
[BlackTitle "GM"]
[WhiteElo "2762"]
[BlackElo "2634"]
[WhiteFideId "35009192"]
[BlackFideId "44155573"]
[EventDate "2024.05.14"]

1. d4 d5 2. c4 e6 3. Nf3 Nf6 4. Nc3 Be7 5. cxd5 exd5 6. Bf4 O-O 7. e3 c5 8. dxc5
Bxc5 9. Be2 Nc6 10. O-O a6 11. Rc1 Be6 12. Ne5 d4 13. Na4 Ba7 14. Nxc6 bxc6 15.
exd4 Qxd4 16. Qxd4 Bxd4 17. b3 Bd5 18. Rfd1 Ba7 19. Kf1 a5 20. Bc4 Rfe8 21. h3
Re6 22. Bc7 Rae8 23. Rc2 Ne4 24. Bxd5 cxd5 25. Bxa5 Ng3+ 26. Kg1 Ne2+ 27. Kh1
Bxf2 28. Bc7 h5 29. g4 h4 30. Kg2 Bg3 31. Bxg3 hxg3 32. Nc3 Nxc3 33. Rxc3 Re2+
34. Kxg3 Rxa2 35. Rdd3 d4 36. Rxd4 Rb8 37. Rd5 Kh7 38. Rf3 Rb2 39. Rdd3 Rb4 40.
Kh4 f6 41. Kg3 Kg6 42. Rc3 Kh7 43. Rfe3 Kg6 44. Red3 Kh6 1/2-1/2

[Event "7th Sharjah Masters 2024"]
[Site "Sharjah UAE"]
[Date "2024.05.18"]
[Round "5.4"]
[White "Puranik, Abhimanyu"]
[Black "Tabatabaei, M. Amin"]
[Result "0-1"]
[WhiteTitle "GM"]
[BlackTitle "GM"]
[WhiteElo "2631"]
[BlackElo "2707"]
[WhiteFideId "5061245"]
[BlackFideId "12521213"]
[EventDate "2024.05.14"]

1. e4 e5 2. Nf3 Nc6 3. Bc4 Nf6 4. d3 Bc5 5. O-O d6 6. c3 a5 7. Nbd2 O-O 8. h3
Ba7 9. Re1 Be6 10. Bb5 Ne7 11. Nf1 Ng6 12. Ng3 c6 13. Ba4 d5 14. exd5 Nxd5 15.
Bc2 Qc7 16. d4 exd4 17. Nxd4 Rae8 18. Re4 Nf6 19. Re1 Bd5 20. Rxe8 Rxe8 21. Bg5
Qe5 22. Qd2 h6 23. Be3 Bb8 24. Ndf5 Nf4 25. Bd4 Qe6 26. f3 h5 27. Bf2 g6 28. Re1
Qd7 29. Bd4 Nh7 30. Nh6+ Kf8 31. Ne4 f5 32. Nc5 Rxe1+ 33. Qxe1 Qe7 34. Qxe7+
Kxe7 35. Kf2 b6 36. Na6 Ba7 37. Nc7 Bxa2 38. Be3 Ne6 39. Nxe6 Bxe6 40. g4 Kf6
41. Kg3 c5 42. Kh4 hxg4 43. hxg4 Bb8 44. gxf5 gxf5 45. b4 Bd6 46. bxa5 bxa5 47.
c4 Bd7 48. Bc1 a4 49. f4 Nf8 50. Kg3 Ne6 51. Nxf5 Bxf4+ 52. Bxf4 Nxf4 53. Nd6
Ke5 54. Nf7+ Kd4 55. Kxf4 a3 56. Bb1 Kc3 57. Nd6 Kb2 58. Nb5 Bxb5 59. cxb5 Kxb1
60. b6 a2 61. b7 a1=Q 62. b8=Q+ Kc2 63. Kg3 c4 64. Qb7 Qc3+ 65. Kh4 Qd4+ 66. Kh3
Qe3+ 67. Kh4 Qh6+ 68. Kg4 Qg6+ 69. Kh4 c3 70. Qb4 Qh7+ 71. Kg4 Qg8+ 72. Kh4 Qd5
73. Qa4+ Kc1 74. Qf4+ Qd2 75. Qe5 Qd3 76. Qf4+ Qd2 77. Qe5 Qh6+ 78. Kg3 Qg6+ 79.
Kh4 Qh7+ 80. Kg4 Qd3 81. Qf4+ Kd1 82. Kh4 c2 83. Qg4+ Kc1 84. Qb4 Qh7+ 85. Kg4
Qd7+ 86. Kg3 Kd1 87. Qb3 Qg7+ 88. Kh3 Qh7+ 89. Kg3 Qe4 90. Kh3 Kd2 91. Qa2 Qe5
92. Kh4 Qb5 0-1

[Event "7th Sharjah Masters 2024"]
[Site "Sharjah UAE"]
[Date "2024.05.18"]
[Round "5.6"]
[White "Sindarov, Javokhir"]
[Black "Daneshvar, Bardiya"]
[Result "0-1"]
[WhiteTitle "GM"]
[BlackTitle "GM"]
[WhiteElo "2684"]
[BlackElo "2582"]
[WhiteFideId "14205483"]
[BlackFideId "12576468"]
[EventDate "2024.05.14"]

1. e4 e5 2. Nf3 Nc6 3. Bc4 Bc5 4. O-O Nf6 5. d3 d6 6. c3 a6 7. a4 h6 8. Nbd2 O-O
9. Re1 Re8 10. Nf1 Ba7 11. Qb3 Rf8 12. a5 Bg4 13. Qxb7 Qd7 14. Qb3 Bxf3 15. gxf3
Ne7 16. Ng3 d5 17. Bxa6 Rfb8 18. Qa4 Qd6 19. Bb5 Qc5 20. d4 Qxb5 21. exd5 Qxd5
22. Rxe5 Qd8 23. Re2 Rc8 24. Ne4 Nxe4 25. fxe4 c5 26. d5 Ng6 27. Kh1 Qh4 28. Qd7
Qh5 29. Re3 Rd8 0-1

[Event "7th Sharjah Masters 2024"]
[Site "Sharjah UAE"]
[Date "2024.05.18"]
[Round "5.7"]
[White "Muradli, Mahammad"]
[Black "Shankland, Sam"]
[Result "0-1"]
[WhiteTitle "GM"]
[BlackTitle "GM"]
[WhiteElo "2561"]
[BlackElo "2671"]
[WhiteFideId "13409301"]
[BlackFideId "2004887"]
[EventDate "2024.05.14"]

1. d4 Nf6 2. c4 g6 3. Nc3 Bg7 4. e4 d6 5. Nf3 O-O 6. Be2 e5 7. O-O Na6 8. Re1
Bg4 9. Be3 exd4 10. Nxd4 Bxe2 11. Qxe2 Re8 12. f3 c6 13. Rad1 Nd7 14. Rd2 Qe7
15. Qd1 Rad8 16. Nde2 Ne5 17. b3 Nc5 18. Qc2 a6 19. Bf2 b5 20. cxb5 axb5 21. a4
bxa4 22. Nxa4 Na6 23. h3 d5 24. exd5 Nb4 25. Qd1 Nxd5 26. Kh1 Bh6 27. Bc5 Qf6
28. f4 Nxf4 29. Nxf4 Bxf4 30. Rxd8 Rxd8 31. Qe2 Rd2 32. Qf1 Qg5 33. Re4 Bg3 34.
Rd4 h5 35. Nc3 Rxd4 36. Bxd4 Qd2 37. Qd1 Qxd1+ 38. Nxd1 Nd3 39. Nc3 f5 40. Kg1
Kf7 41. Kf1 Ke6 42. Be3 h4 43. Ke2 Ne1 44. Kf1 Nc2 45. Ke2 Be5 46. Nb1 Nxe3 47.
Kxe3 g5 48. Kd3 g4 49. Nd2 Kd5 50. Nc4 Bd4 51. Nd2 Ba7 52. Nc4 Bc5 53. Nd2 Ke5
54. Ke2 Kf4 55. hxg4 fxg4 56. Kf1 h3 57. gxh3 gxh3 58. b4 Be3 59. Nc4 Kf3 0-1

[Event "7th Sharjah Masters 2024"]
[Site "Sharjah UAE"]
[Date "2024.05.18"]
[Round "5.8"]
[White "Sankalp, Gupta"]
[Black "Sevian, Samuel"]
[Result "1/2-1/2"]
[WhiteTitle "GM"]
[BlackTitle "GM"]
[WhiteElo "2532"]
[BlackElo "2699"]
[WhiteFideId "5097010"]
[BlackFideId "2040506"]
[EventDate "2024.05.14"]

1. Nf3 d5 2. g3 Nd7 3. d4 e6 4. Bg2 Ngf6 5. O-O b5 6. a4 b4 7. c4 bxc3 8. bxc3
Ba6 9. Na3 Ne4 10. c4 c6 11. Qc2 Rc8 12. c5 Be7 13. Ne1 e5 14. Bxe4 dxe4 15.
dxe5 Nxc5 16. Ng2 Qd4 17. Be3 Qxe5 18. Nc4 Qe6 19. Rac1 O-O 20. Nd2 Nd7 21. Nxe4
Rfe8 22. Rfd1 Nf6 23. Nxf6+ Bxf6 24. Nf4 Qe7 25. Bc5 Qc7 26. e3 h6 27. Nh5 Qe5
28. Nf4 Qc7 29. Nh5 Qe5 30. Nf4 1/2-1/2

[Event "7th Sharjah Masters 2024"]
[Site "Sharjah UAE"]
[Date "2024.05.18"]
[Round "5.9"]
[White "Yu, Yangyi"]
[Black "Zemlyanskii, Ivan"]
[Result "1-0"]
[WhiteTitle "GM"]
[BlackTitle "FM"]
[WhiteElo "2729"]
[BlackElo "2516"]
[WhiteFideId "8603820"]
[BlackFideId "24249971"]
[EventDate "2024.05.14"]

1. e4 c5 2. Nf3 d6 3. Bb5+ Nd7 4. O-O a6 5. Be2 Ngf6 6. d3 e6 7. a4 b6 8. Nfd2
d5 9. f4 Bb7 10. Bf3 Qc7 11. e5 Ng8 12. c4 Ne7 13. Nc3 g6 14. a5 Bh6 15. Nb3 O-O
16. axb6 Nxb6 17. Na5 Rad8 18. Nxb7 Qxb7 19. Qb3 Rb8 20. Qa2 Rfd8 21. g3 Qc7 22.
Bg2 Nc6 23. b3 Bg7 24. Ba3 Nd4 25. Rac1 dxc4 26. bxc4 Nd7 27. Bb2 f6 28. exf6
Nxf6 29. Rce1 Qd7 30. Nd1 Rb6 31. Bc3 Rdb8 32. Kh1 h5 33. Nf2 h4 34. gxh4 Nf5
35. Be5 Rc8 36. Rb1 Rb4 37. Qxa6 Nh5 38. Ne4 Rxb1 39. Rxb1 Bxe5 40. fxe5 Rf8 41.
Rf1 Qxd3 42. Qxe6+ Kg7 43. Qd5 Qe2 44. Qxc5 Re8 45. Nd6 Rxe5 46. Qa7+ Ne7 47.
Qd4 Qe3 48. Qa1 Nf6 49. c5 Qxc5 50. Rxf6 Qe3 51. Rf7+ Kh6 52. Rf1 1-0

[Event "7th Sharjah Masters 2024"]
[Site "Sharjah UAE"]
[Date "2024.05.18"]
[Round "5.11"]
[White "Nguyen, Thai Dai Van"]
[Black "Maurizzi, Marc'Andria"]
[Result "1/2-1/2"]
[WhiteTitle "GM"]
[BlackTitle "GM"]
[WhiteElo "2650"]
[BlackElo "2618"]
[WhiteFideId "358878"]
[BlackFideId "36083534"]
[EventDate "2024.05.14"]

1. d4 d5 2. c4 e6 3. Nf3 Nf6 4. g3 Bb4+ 5. Bd2 Be7 6. Bg2 Nbd7 7. O-O O-O 8. Qc2
c6 9. Bf4 Ne4 10. Rd1 f5 11. b3 a5 12. Nc3 Bf6 13. Rac1 g5 14. Be3 Qe7 15. Ne1
Nd6 16. c5 Ne4 17. Nxe4 fxe4 18. Qd2 e5 19. f3 exd4 20. Bxd4 Bxd4+ 21. Qxd4 Nf6
22. fxe4 Nxe4 23. Bxe4 Qxe4 24. Qxe4 dxe4 25. Nc2 a4 26. b4 a3 27. Ne3 Be6 28.
Rc2 Rfd8 29. Rxd8+ Rxd8 30. Kf2 Rd4 31. Rc3 Rxb4 32. Rxa3 Kf7 33. Ra7 Kf6 34. a4
Ke5 35. a5 Rb5 36. a6 bxa6 37. Rxa6 Rxc5 38. Ra7 h5 39. Rh7 h4 40. gxh4 gxh4 41.
Rxh4 Rc1 1/2-1/2

[Event "7th Sharjah Masters 2024"]
[Site "Sharjah UAE"]
[Date "2024.05.18"]
[Round "5.13"]
[White "Iniyan, Pa"]
[Black "Radjabov, Teimour"]
[Result "1/2-1/2"]
[WhiteTitle "GM"]
[BlackTitle "GM"]
[WhiteElo "2497"]
[BlackElo "2723"]
[WhiteFideId "25002767"]
[BlackFideId "13400924"]
[EventDate "2024.05.14"]

1. d4 Nf6 2. c4 c6 3. Nc3 d5 4. Nf3 dxc4 5. a4 Bf5 6. e3 e6 7. Bxc4 Bb4 8. O-O
O-O 9. Qe2 Bg6 10. Ne5 Nbd7 11. Nxg6 hxg6 12. Rd1 Qc7 13. e4 e5 14. d5 Rad8 15.
a5 b5 16. dxc6 bxc4 17. cxd7 Rxd7 18. Rxd7 Qxd7 19. Bd2 Rb8 20. Be3 Qc7 21. a6
Bxc3 22. bxc3 Nxe4 23. Bxa7 Nxc3 24. Qe3 Rc8 25. Bb6 Qc6 26. Qxe5 Qxb6 27. Qxc3
Qb3 28. Qd4 c3 29. a7 c2 30. Rc1 Qa3 31. Qe3 Qxe3 32. fxe3 1/2-1/2

[Event "7th Sharjah Masters 2024"]
[Site "Sharjah UAE"]
[Date "2024.05.18"]
[Round "5.14"]
[White "Vakhidov, Jakhongir"]
[Black "Maghsoodloo, Parham"]
[Result "0-1"]
[WhiteTitle "GM"]
[BlackTitle "GM"]
[WhiteElo "2599"]
[BlackElo "2733"]
[WhiteFideId "14201801"]
[BlackFideId "12539929"]
[EventDate "2024.05.14"]

1. c4 e6 2. Nc3 d5 3. d4 Nf6 4. cxd5 Nxd5 5. e4 Nxc3 6. bxc3 c5 7. Rb1 Be7 8.
Nf3 O-O 9. Bc4 Qc7 10. Bb3 b6 11. O-O Nc6 12. d5 Na5 13. Bc2 Ba6 14. e5 exd5 15.
Re1 Rae8 16. Bf4 Nc4 17. Qd3 g6 18. Bh6 Bc8 19. Bxf8 Bxf8 20. Qxd5 Na3 21. Rbc1
Bh6 22. Ba4 Be6 23. Qe4 b5 24. Rcd1 Qe7 25. Bb3 c4 26. Nd4 cxb3 27. axb3 a5 28.
Qc6 Bf8 29. Ra1 Qd8 30. Qe4 Bd5 31. Qf4 Qb6 32. Rad1 Qb7 33. Qg3 a4 34. b4 Bb3
35. Rd2 Qd5 36. f4 Bg7 37. Qf2 Qb7 38. Rde2 Bc4 39. Rd2 Bd5 40. Rdd1 Nc4 41. h4
h5 42. Kh2 a3 43. g3 Nb2 44. Rd2 Na4 45. Nc2 a2 46. Ne3 Bb3 47. Rd3 Qe4 48. Qf1
Qc6 49. Rc1 Qe4 50. Re1 Ra8 51. Rd4 Qc6 52. c4 Nc3 53. Ra1 bxc4 54. Qe1 Nb5 55.
Rd5 Bf8 56. e6 c3 57. exf7+ Kxf7 58. Re5 Nd4 0-1

[Event "7th Sharjah Masters 2024"]
[Site "Sharjah UAE"]
[Date "2024.05.18"]
[Round "5.16"]
[White "Safarli, Eltaj"]
[Black "Esipenko, Andrey"]
[Result "1/2-1/2"]
[WhiteTitle "GM"]
[BlackTitle "GM"]
[WhiteElo "2597"]
[BlackElo "2704"]
[WhiteFideId "13402129"]
[BlackFideId "24175439"]
[EventDate "2024.05.14"]

1. e4 c5 2. Nc3 Nc6 3. Bb5 Nd4 4. a4 a6 5. Bc4 e6 6. Nf3 Nf6 7. d3 d5 8. Ba2 Nc6
9. O-O Be7 10. Re1 Nb4 11. Bb3 b6 12. Bg5 Bb7 13. exd5 Nbxd5 14. Nxd5 Nxd5 15.
Bxe7 Qxe7 16. Ne5 O-O 17. Qg4 Rad8 18. Qg3 Kh8 19. Bxd5 Bxd5 20. b3 f6 21. Nc4
Qb7 22. Re2 b5 23. axb5 axb5 24. Ne3 Bc6 25. Rae1 Rd4 26. f4 Qb8 27. Nf1 Bd7 1/2-1/2

[Event "7th Sharjah Masters 2024"]
[Site "Sharjah UAE"]
[Date "2024.05.18"]
[Round "5.17"]
[White "Nesterov, Arseniy"]
[Black "Deac, Bogdan-Daniel"]
[Result "1/2-1/2"]
[WhiteTitle "GM"]
[BlackTitle "GM"]
[WhiteElo "2590"]
[BlackElo "2693"]
[WhiteFideId "24198455"]
[BlackFideId "1226380"]
[EventDate "2024.05.14"]

1. d4 Nf6 2. c4 e6 3. Nf3 d5 4. Nc3 Be7 5. Bf4 O-O 6. e3 Nbd7 7. cxd5 Nxd5 8.
Nxd5 exd5 9. Be2 Bb4+ 10. Nd2 Nb6 11. a3 Bd6 12. Bxd6 Qxd6 13. Bd3 a5 14. O-O c6
15. b4 axb4 16. Qb1 g6 17. Qxb4 Qxb4 18. axb4 Be6 19. f3 Rfb8 20. Kf2 Kf8 21.
Nb3 Nc8 22. Nc5 b6 23. Nxe6+ fxe6 24. Rfc1 Rxa1 25. Rxa1 Ke7 26. e4 dxe4 27.
Bxe4 Kd6 28. h4 Ne7 29. Ra7 1/2-1/2